00638 a2200181 45000010006000000050017000060080041000230030015000640400040000790800022001192450029001410200018001702640044001883000019002325050178002510410008004291000019004375470620260407155822.0260407a1985 arg spa dAR-UNSa-BCEJYS aAR-UNSa-BCEJYSbspacAR-UNSa-BCEJYS a321.7xDemocracia10aDemocracia y república a950-14-0285-1 1aBuenos Aires :bEdiciones Depalmac1985 a210 p.c23 cm. aI. Nociones preliminares - II. La dinámica democrática - III. El sistema republicano - IV. Orden jurídico y social democrático - V. República y gobierno "de facto" aspa1 aBielsa, Rafael